| 000 | 00447cam a22001694a 4500 | ||
|---|---|---|---|
| 005 | 20250605164334.0 | ||
| 008 | 250528s ||||||||||||||||||||||||d | ||
| 035 | _a23376 | ||
| 040 |
_aGR-AtMCL _bgre _dGR-AtMCL _eAACR2 |
||
| 245 | 1 | _aThe Effect of Psychotherapy and Sex on Agreeableness | |
| 260 | _c2015 | ||
| 700 | 1 |
_aAfentouli Panagiota _98929 |
|
| 700 | 1 |
_aTatsi Argyro-Athina _98936 |
|
| 942 | _cDS | ||
| 999 |
_c8400 _d8400 |
||